| 000 | 00378nam a2200145Ia 4500 | ||
|---|---|---|---|
| 008 | 240624s9999 xx 000 0 und d | ||
| 041 | _aeng | ||
| 082 | _a658.155 HUL | ||
| 100 | _aHULL JOHN C | ||
| 245 | _aRISK MANAGEMENT AND FINANCIAL INSTITUTIO | ||
| 250 | _a(3rd ed.) | ||
| 260 |
_c2012 _aNew Delhi _bWiley India |
||
| 300 | _axxi, : 643 : p. : cm. ; 24 | ||
| 365 |
_cRS _b32 |
||
| 999 |
_c19405 _d19405 |
||